MARC

LEADER 00000nam0a2200000 4500
001 252695
005 20251113141549.0
010 |a 5212002052 
035 |a (RuTPU)RU\TPU\book\275045 
090 |a 252695 
100 |a 20140305d1989 m y0rusy5003 ca 
101 0 |a rus 
102 |a RU 
105 |a y z 000ad 
200 1 |a Кудеяр  |e историческая хроника  |e в 3 кн.  |f Н. И. Костомаров  |g авт. послесл. Ю. М. Нагибин ; авт. предисл. В. В. Морозов 
210 |a Москва  |c Книга  |d 1989 
215 |a 256 с. 
225 1 |a Историко-литературный архив 
600 0 |a Иван Васильевич Грозный  |d IV  |c Великий князь Московский из династии Рюриковичей  |f 1530-1584  |c Царь всея Руси  |2 stltpush  |3 (RuTPU)RU\TPU\pers\1414 
606 |a Россия  |x История  |z 2-я пол. 15-16 вв.  |9 81723 
610 1 |a Русское государство 
610 1 |a 16 век 
610 1 |a исторические романы 
686 |a Т3(2)43  |2 rubbk 
700 1 |a Костомаров  |b Н. И.  |4 070 
702 1 |a Нагибин  |b Ю. М.  |4 075 
702 1 |a Морозов  |b В. В.  |4 080 
702 1 |a Нагибин  |b Ю. М.  |c русский писатель  |f 1920-1994  |g Юрий Маркович  |3 (RuTPU)RU\TPU\pers\15436  |9 5348 
801 0 |a RU  |b RuMRKP  |c 19950417  |g psbo 
801 1 |a RU  |b 63413507  |c 20140305 
801 2 |a RU  |b 63413507  |c 20150314  |g RCR 
942 |c BK